[Event "2nd GMA World Cup prel  #2"]
[Site "Moscow URS"]
[Date "1989.??.??"]
[Round "4"]
[White "Dolmatov, Sergei"]
[Black "Kharitonov, Andrei"]
[Result "1-0"]
[WhiteElo "2580"]
[BlackElo "2520"]
[EventDate "1989.05.??"]
[PlyCount "87"]

1.e4 e5 2.Nf3 Nc6 3.Bb5 a6 4.Ba4 Nf6 5.O-O Be7 6.Re1 b5 7.Bb3 d6 8.c3 O-O 
9.h3 Na5 10.Bc2 c5 11.d4 Nd7 12.Nbd2 cxd4 13.cxd4 Nc6 14.d5 Nb4 15.Bb1 a5 
16.Qe2 Rb8 17.a3 Na6 18.Bd3 Nac5 19.b4 Nxd3 20.Qxd3 Nb6 21.Qxb5 Bd7 22.Qd3
Na4 23.Qb3 Qc7 24.Nf1 Rfc8 25.Bd2 axb4 26.axb4 Qc4 27.Re3 Bd8 28.Qd1 Nb2 
29.Qb1 Na4 30.Rea3 Nb6 31.Ne3 Qe2 32.Be1 Ra8 33.R1a2 Qb5 34.Ra5 Rxa5 35.
Rxa5 Qe2 36.Kh2 Na8 37.Ng1 Qh5 38.Ra7 Nb6 39.Qd3 g6 40.b5 Rc5 41.Bb4 Bxb5 
42.Qb1 Rc8 43.Bxd6 Be8 44.Nf3 1-0

[Event "2nd GMA World Cup prel  #2"]
[Site "Moscow URS"]
[Date "1989.??.??"]
[Round "4"]
[White "Grunberg, Hans-Ulrich"]
[Black "Lputian, Smbat"]
[Result "1/2-1/2"]
[WhiteElo "2475"]
[BlackElo "2610"]
[EventDate "1989.05.??"]
[PlyCount "102"]

1.d4 Nf6 2.c4 e6 3.Nc3 d5 4.cxd5 exd5 5.Bg5 Be7 6.e3 Nbd7 7.Qc2 O-O 8.Nf3 
Re8 9.Bd3 c5 10.dxc5 Nxc5 11.Bb5 Bd7 12.Bxd7 Qxd7 13.Rd1 Nce4 14.Nxe4 Nxe4
15.Qxe4 Bxg5 16.Qxd5 Qxd5 17.Rxd5 Bf6 18.Ke2 g6 19.Rc1 Rec8 20.Rdc5 Rxc5 
21.Rxc5 Bxb2 22.Rb5 Bf6 23.Rxb7 a5 24.Nd4 Rc8 25.Kd3 Rc1 26.Ra7 Rg1 27.g3 
Rg2 28.Ke2 Rxh2 29.Rxa5 h5 30.Nf3 Rh1 31.Nd2 h4 32.Ne4 hxg3 33.Nxg3 Rb1 
34.f4 Rb2+ 35.Kf3 Bh4 36.Kg4 Bxg3 37.Kxg3 Kg7 38.Ra7 Kh6 39.Rxf7 Rxa2 40.
e4 Re2 41.Kf3 Re1 42.Ra7 Rf1+ 43.Ke3 Kh5 44.Rf7 Kg4 45.Kd4 g5 46.f5 Kf4 
47.Re7 g4 48.f6 g3 49.e5 g2 50.Rg7 Rd1+ 51.Kc4 Kxe5 1/2-1/2

[Event "2nd GMA World Cup prel  #2"]
[Site "Moscow URS"]
[Date "1989.??.??"]
[Round "4"]
[White "Pigusov, Evgeny"]
[Black "Bareev, Evgeny"]
[Result "1/2-1/2"]
[WhiteElo "2525"]
[BlackElo "2555"]
[EventDate "1989.05.??"]
[PlyCount "79"]

1.Nf3 d5 2.g3 c6 3.Bg2 g6 4.c4 Bg7 5.Qa4 Nd7 6.cxd5 Nb6 7.Qb3 cxd5 8.d3 e6
9.Nc3 Ne7 10.Qa3 Bd7 11.Be3 O-O 12.O-O Re8 13.Bd4 Bf8 14.Bc5 Bc6 15.Nd4 
Nd7 16.Bd6 Nf5 17.Nxf5 gxf5 18.Bxf8 Nxf8 19.d4 Qb6 20.e3 a5 21.Rfc1 Qb4 
22.Bf1 Nd7 23.Nb5 Rec8 24.Nd6 Rd8 25.Qxb4 axb4 26.Bb5 Bxb5 27.Nxb5 Nb6 28.
Rc7 b3 29.Na3 bxa2 30.Rxb7 Nc4 31.Rxa2 Ra6 32.Ra1 Rda8 33.Rc1 Nxa3 34.bxa3
Rxa3 35.Rcc7 Rf8 36.Kg2 Kg7 37.Kf3 Ra2 38.h3 h5 39.Rb6 Kg6 40.Rbb7 1/2-1/2

[Event "2nd GMA World Cup prel  #2"]
[Site "Moscow URS"]
[Date "1989.??.??"]
[Round "4"]
[White "Vasiukov, Evgeny"]
[Black "Dlugy, Maxim"]
[Result "1/2-1/2"]
[WhiteElo "2510"]
[BlackElo "2570"]
[EventDate "1989.05.??"]
[PlyCount "104"]

1.e4 c6 2.d4 d5 3.e5 Bf5 4.h4 h5 5.c4 dxc4 6.Bxc4 e6 7.Nc3 Nd7 8.Nge2 Nb6 
9.Bd3 Nh6 10.Bxh6 Bxd3 11.Qxd3 Rxh6 12.O-O-O Nd5 13.Kb1 Be7 14.g3 Nxc3+ 
15.Nxc3 Rh8 16.Rc1 Qd7 17.Rhd1 g6 18.Qf3 Kf8 19.Qf4 Kg7 20.Ne4 Rad8 21.Rd3
Kg8 22.Rf3 Rh7 23.Rb3 a5 24.a3 Rh8 25.Rf3 Rh7 26.Rb3 Rh8 27.Nc5 Bxc5 28.
Rxc5 Ra8 29.Rf3 Qe7 30.Qd2 a4 31.Rc4 Qd8 32.Qc2 Qd5 33.Rd3 Kg7 34.Rxa4 
Rxa4 35.Qxa4 c5 36.Qc2 cxd4 37.f4 Rd8 38.Qb3 Qe4 39.Ka1 Rc8 40.Qd1 Rd8 41.
Qb3 Rd5 42.Qd1 b5 43.Qd2 Rd7 44.Qd1 Qd5 45.Kb1 Qc4 46.Qd2 Rd8 47.Qd1 Qd5 
48.Qd2 Qe4 49.Qd1 Rc8 50.Qf3 Qf5 51.Ka2 Rc4 52.Kb3 Qh3 1/2-1/2

[Event "2nd GMA World Cup prel  #2"]
[Site "Moscow URS"]
[Date "1989.??.??"]
[Round "4"]
[White "Psakhis, Lev"]
[Black "Zapata, Alonso"]
[Result "1-0"]
[WhiteElo "2585"]
[BlackElo "2490"]
[EventDate "1989.05.??"]
[PlyCount "107"]

1.e4 c5 2.Nf3 e6 3.d4 cxd4 4.Nxd4 Nc6 5.Nc3 Qc7 6.Be3 a6 7.Be2 Nf6 8.O-O 
Bb4 9.Nxc6 bxc6 10.Na4 Be7 11.Nb6 Rb8 12.Nxc8 Qxc8 13.e5 Nd5 14.Bc1 Bc5 
15.c4 Ne7 16.b3 Qc7 17.Bb2 O-O 18.Qd3 Ng6 19.Qe4 f5 20.exf6 gxf6 21.Rad1 
f5 22.Qd3 Rf7 23.Bh5 Bf8 24.Qe3 Bg7 25.Bxg6 hxg6 26.Bxg7 Rxg7 27.Rd3 g5 
28.Rfd1 Rf8 29.Rd6 a5 30.R1d3 g4 31.Qd2 Rff7 32.g3 Rh7 33.c5 Qa7 34.Qg5+ 
Rhg7 35.Qe3 Kh7 36.a3 Kg6 37.b4 axb4 38.axb4 Rh7 39.Rd1 Qa2 40.b5 cxb5 41.
c6 dxc6 42.Rxe6+ Rf6 43.Rxf6+ Kxf6 44.Rd6+ Kf7 45.h4 gxh3 46.Kh2 Rg7 47.
Qd4 Kg8 48.Rd8+ Kh7 49.Qh4+ Kg6 50.Rd6+ Kf7 51.Qf6+ Kg8 52.Rd8+ Kh7 53.
Qxf5+ Rg6 54.Rd7+ 1-0

[Event "2nd GMA World Cup prel  #2"]
[Site "Moscow URS"]
[Date "1989.??.??"]
[Round "4"]
[White "Oll, Lembit"]
[Black "Dorfman, Iosif"]
[Result "1/2-1/2"]
[WhiteElo "2510"]
[BlackElo "2565"]
[EventDate "1989.05.??"]
[PlyCount "58"]

1.d4 Nf6 2.c4 e6 3.Nc3 Bb4 4.Qc2 O-O 5.a3 Bxc3+ 6.Qxc3 b6 7.Bg5 Bb7 8.f3 
h6 9.Bh4 d5 10.e3 Nbd7 11.cxd5 Nxd5 12.Bxd8 Nxc3 13.Bxc7 Nd5 14.Bd6 Nxe3 
15.Kf2 Nc2 16.Rd1 Rfc8 17.Bb5 Nf6 18.Ne2 a6 19.Ba4 b5 20.Bb3 Bd5 21.Bxd5 
Nxd5 22.Rd3 Rc6 23.Bc5 e5 24.b4 Nxd4 25.Nxd4 exd4 26.Rxd4 Nc7 27.Rd6 Rxd6 
28.Bxd6 Nd5 29.Bc5 Rd8 1/2-1/2

[Event "2nd GMA World Cup prel  #2"]
[Site "Moscow URS"]
[Date "1989.??.??"]
[Round "4"]
[White "Kuzmin, Gennady"]
[Black "Murey, Jacob"]
[Result "1-0"]
[WhiteElo "2505"]
[BlackElo "2560"]
[EventDate "1989.05.??"]
[PlyCount "65"]

1.d4 Nf6 2.c4 e6 3.g3 c5 4.d5 exd5 5.cxd5 d6 6.Nc3 Be7 7.Bg2 O-O 8.Nf3 Re8
9.O-O Bf8 10.Bf4 Na6 11.Re1 h6 12.e4 g5 13.Bd2 g4 14.Nh4 c4 15.Qc1 Kh7 16.
Qb1 Kg8 17.Bf1 Qc7 18.Nb5 Qc5 19.a4 Bd7 20.Bc3 Bg7 21.b4 cxb3 22.Qb2 Nh5 
23.Bxg7 Nxg7 24.Rec1 Qb4 25.Rc4 Qa5 26.Nxd6 Rf8 27.Qxb3 Nc5 28.Qe3 Nxa4 
29.Rcxa4 Bxa4 30.Qxh6 Qc3 31.Rxa4 b5 32.Nxb5 Qc5 33.Nd4 1-0

[Event "2nd GMA World Cup prel  #2"]
[Site "Moscow URS"]
[Date "1989.??.??"]
[Round "4"]
[White "Krasenkov, Mikhail"]
[Black "Goldin, Alexander"]
[Result "1/2-1/2"]
[WhiteElo "2525"]
[BlackElo "2535"]
[EventDate "1989.05.??"]
[PlyCount "45"]

1.Nf3 Nf6 2.c4 e6 3.g3 d5 4.d4 dxc4 5.Bg2 Nc6 6.Qa4 Nd7 7.Qxc4 Nb6 8.Qd3 
e5 9.Nxe5 Nb4 10.Qb3 Be6 11.Qd1 Qxd4 12.Qxd4 Nc2+ 13.Kd1 Nxd4 14.Bxb7 Rd8 
15.Nd2 f6 16.Nc6 Nxc6 17.Bxc6+ Kf7 18.Kc2 Bc5 19.Nb3 Bxf2 20.Rf1 Bd4 21.
Bf4 Bxb3+ 22.axb3 Nd5 23.Ra4 1/2-1/2

[Event "2nd GMA World Cup prel  #2"]
[Site "Moscow URS"]
[Date "1989.??.??"]
[Round "4"]
[White "Razuvaev, Yury"]
[Black "Kotronias, Vasilios"]
[Result "1/2-1/2"]
[WhiteElo "2550"]
[BlackElo "2505"]
[EventDate "1989.05.??"]
[PlyCount "52"]

1.Nf3 Nf6 2.c4 e6 3.d4 d5 4.g3 Be7 5.Bg2 O-O 6.O-O dxc4 7.Qc2 a6 8.a4 Bd7 
9.Rd1 Bc6 10.Nc3 Bxf3 11.Bxf3 Nc6 12.Bxc6 bxc6 13.Bg5 c5 14.dxc5 Qb8 15.
Ne4 Qb3 16.Qxb3 cxb3 17.Bxf6 Bxf6 18.Nxf6+ gxf6 19.Rd4 Rfb8 20.Kf1 e5 21.
Rg4+ Kf8 22.Ke1 Rd8 23.Rc1 Rab8 24.Rc3 Rd5 25.f3 Ke7 26.Rgc4 Ke6 1/2-1/2

[Event "2nd GMA World Cup prel  #2"]
[Site "Moscow URS"]
[Date "1989.??.??"]
[Round "4"]
[White "Vladimirov, Evgeny"]
[Black "Campora, Daniel Hugo"]
[Result "1-0"]
[WhiteElo "2550"]
[BlackElo "2500"]
[EventDate "1989.05.??"]
[PlyCount "97"]

1.d4 d5 2.c4 e6 3.Nc3 Nf6 4.Nf3 Be7 5.Bf4 O-O 6.e3 c5 7.dxc5 Bxc5 8.Qc2 
Nc6 9.a3 Qa5 10.O-O-O Be7 11.g4 Rd8 12.h3 a6 13.Nd2 Qb6 14.Bg2 d4 15.Na4 
Qa7 16.Bxc6 bxc6 17.exd4 Qxd4 18.Be3 Qd3 19.Qxd3 Rxd3 20.g5 Ne8 21.Kc2 Rd8
22.Nb3 e5 23.Na5 Bf5+ 24.Kc3 Be4 25.Rhg1 Bf3 26.Rxd8 Bxd8 27.Nb7 f5 28.Re1
Bc7 29.Bb6 e4 30.Bxc7 Nxc7 31.Nac5 Kf7 32.Na5 Kg6 33.Nxc6 Kxg5 34.Rg1+ Kh6
35.Nd4 g6 36.Nxf3 exf3 37.b4 f4 38.Re1 Rc8 39.Re7 g5 40.Rd7 Kg6 41.Rd6+ 
Kf5 42.Rh6 Rh8 43.Nd7 Re8 44.Rf6+ Ke4 45.Rc6 Kf5 46.Rc5+ Kg6 47.Ne5+ Rxe5 
48.Rxe5 Kf6 49.Re1 1-0

[Event "2nd GMA World Cup prel  #2"]
[Site "Moscow URS"]
[Date "1989.??.??"]
[Round "4"]
[White "Akopian, Vladimir"]
[Black "Vaiser, Anatoly"]
[Result "1/2-1/2"]
[WhiteElo "2520"]
[BlackElo "2525"]
[EventDate "1989.05.??"]
[PlyCount "155"]

1.d4 Nf6 2.c4 c5 3.d5 b5 4.cxb5 a6 5.f3 e6 6.e4 exd5 7.exd5 Qe7+ 8.Kf2 c4 
9.Nc3 Qb4 10.Qe2+ Kd8 11.Qxc4 Bc5+ 12.Ke1 Re8+ 13.Kd1 axb5 14.Qxb4 Bxb4 
15.Bd2 Bxc3 16.Bxc3 Nxd5 17.Bd2 Ne3+ 18.Bxe3 Rxe3 19.Ne2 Bb7 20.Nd4 Ra4 
21.Kd2 Re5 22.Nxb5 Rb4 23.Kc3 Rbxb5 24.Bxb5 Rxb5 25.b4 Nc6 26.Rab1 Kc7 27.
a4 Rg5 28.Rb2 Ne7 29.Rc2 Kb6 30.Rd1 Nd5+ 31.Kb3 Re5 32.Rc5 d6 33.Rb5+ Ka7 
34.Ra5+ Kb6 35.Rb5+ Ka7 36.Ra5+ Kb8 37.Rd3 Kc7 38.g3 g5 39.h4 h6 40.hxg5 
hxg5 41.Rd4 Nb6 42.Rxe5 dxe5 43.Rd3 Bd5+ 44.Kc2 e4 45.Rc3+ Kd6 46.fxe4 
Bxe4+ 47.Kb3 Bd5+ 48.Ka3 Nc4+ 49.Kb3 f5 50.Kc2 f4 51.gxf4 gxf4 52.Kd1 Nb2+
53.Ke2 Nxa4 54.Rc8 Ke5 55.b5 Kd4 56.Rf8 Nc3+ 57.Kf2 Ke5 58.b6 Ne4+ 59.Ke2 
Nd6 60.Kf2 Bc6 61.Ke2 Bd5 62.Rd8 Nb7 63.Rc8 Kf5 64.Rc7 Ke4 65.Rc8 Nd6 66.
Rd8 Ke5 67.Rf8 Ne4 68.Re8+ Kf5 69.Rd8 Bc6 70.Rf8+ Ke5 71.Re8+ Kd6 72.Rf8 
Ke5 73.Re8+ Kd4 74.Rd8+ Kc5 75.Rf8 Nc3+ 76.Kf2 Nd5 77.Rf7 Kxb6 78.Kf3 
1/2-1/2

[Event "2nd GMA World Cup prel  #2"]
[Site "Moscow URS"]
[Date "1989.??.??"]
[Round "4"]
[White "Timoshenko, Georgy"]
[Black "Ubilava, Elizbar"]
[Result "0-1"]
[WhiteElo "2530"]
[BlackElo "2515"]
[EventDate "1989.05.??"]
[PlyCount "54"]

1.e4 c5 2.Nf3 d6 3.d4 cxd4 4.Nxd4 Nf6 5.Nc3 a6 6.f4 e5 7.Nf3 Nbd7 8.a4 Be7
9.Bd3 O-O 10.O-O Nc5 11.Qe2 exf4 12.Bxf4 Bg4 13.Kh1 Ne6 14.Bd2 d5 15.exd5 
Nc7 16.Rad1 Re8 17.Bc4 Ba3 18.Qf2 Bxb2 19.Qb6 Ba3 20.Qxb7 Rb8 21.Qa7 Bd6 
22.Qf2 Qc8 23.Bb3 Qf5 24.Qh4 Rb4 25.Qf2 Qh5 26.g3 Ne4 27.Nxe4 Rbxe4 0-1

[Event "2nd GMA World Cup prel  #2"]
[Site "Moscow URS"]
[Date "1989.??.??"]
[Round "4"]
[White "Makarichev, Sergei"]
[Black "Gavrikov, Viktor"]
[Result "1/2-1/2"]
[WhiteElo "2500"]
[BlackElo "2535"]
[EventDate "1989.05.??"]
[PlyCount "30"]

1.c4 Nf6 2.Nc3 c5 3.Nf3 e6 4.e3 Nc6 5.d4 d5 6.cxd5 exd5 7.Bb5 Bd6 8.dxc5 
Bxc5 9.O-O O-O 10.b3 a6 11.Bxc6 bxc6 12.Bb2 Bg4 13.Rc1 Be7 14.Ne2 Bxf3 15.
gxf3 Qd7 1/2-1/2

[Event "2nd GMA World Cup prel  #2"]
[Site "Moscow URS"]
[Date "1989.??.??"]
[Round "4"]
[White "Smirin, Ilia"]
[Black "Hansen, Curt"]
[Result "1-0"]
[WhiteElo "2490"]
[BlackElo "2545"]
[EventDate "1989.05.??"]
[PlyCount "131"]

1.e4 d5 2.exd5 Qxd5 3.Nc3 Qa5 4.d4 Nf6 5.Nf3 Bf5 6.Bc4 e6 7.O-O c6 8.Re1 
Nbd7 9.h3 Be7 10.Nh4 Bg6 11.Nxg6 hxg6 12.a3 O-O 13.Bd2 Qc7 14.Qf3 Qb6 15.
Qd3 Rfe8 16.Bb3 Rad8 17.Rad1 Qc7 18.Qf3 Nd5 19.Ne4 b5 20.c3 a5 21.a4 Rb8 
22.axb5 cxb5 23.Ng5 Bxg5 24.Bxg5 N7f6 25.Bh4 Qc8 26.Rc1 a4 27.Ba2 Rb6 28.
g4 Rc6 29.Bxf6 Nxf6 30.g5 Nd5 31.Bxd5 exd5 32.Qxd5 b4 33.Rxe8+ Qxe8 34.Qb5
bxc3 35.bxc3 Qa8 36.d5 Ra6 37.Re1 Kf8 38.Qb4+ Kg8 39.Qb5 Kf8 40.Qc5+ Kg8 
41.d6 Qd8 42.Rd1 Qd7 43.Rd4 Kh7 44.Qc7 Qxc7 45.dxc7 Rc6 46.Rxa4 Rxc7 47.c4
Rc5 48.h4 f6 49.Kg2 fxg5 50.hxg5 Rxg5+ 51.Kf3 Rf5+ 52.Ke3 g5 53.Ra2 Kg6 
54.Kd4 Kf7 55.Re2 Rf4+ 56.Kd5 Rf3 57.c5 g4 58.c6 g3 59.fxg3 Rxg3 60.Rc2 
Rd3+ 61.Ke5 Re3+ 62.Kd4 Re8 63.c7 Rc8 64.Kd5 Kf6 65.Kd6 g5 66.Rc5 1-0

[Event "2nd GMA World Cup prel  #2"]
[Site "Moscow URS"]
[Date "1989.??.??"]
[Round "4"]
[White "Romanishin, Oleg"]
[Black "Lau, Ralf"]
[Result "1/2-1/2"]
[WhiteElo "2555"]
[BlackElo "2475"]
[EventDate "1989.05.??"]
[PlyCount "111"]

1.d4 Nf6 2.Nf3 e6 3.g3 b5 4.Bg5 Bb7 5.Bg2 Be7 6.O-O O-O 7.Qd3 a6 8.Nbd2 
Nc6 9.c3 d6 10.e4 e5 11.d5 Nb8 12.Bxf6 Bxf6 13.b4 c6 14.dxc6 Bxc6 15.Rfd1 
Qc7 16.Nb3 Rd8 17.Nfd2 Nd7 18.a4 Nb6 19.axb5 axb5 20.Rxa8 Rxa8 21.Na5 Na4 
22.Nf1 Rd8 23.Rc1 Bg5 24.Rc2 Nb6 25.h4 Bh6 26.Nh2 Bd7 27.Bf3 g6 28.Ng4 Bg7
29.Ne3 Bh6 30.Ng4 Bg7 31.Ne3 Bh6 32.Nd5 Nxd5 33.Qxd5 Rb8 34.Be2 Bf8 35.c4 
Rb6 36.Qd2 bxc4 37.Nxc4 Rc6 38.Ne3 Bh6 39.b5 Rc5 40.Rb2 Bxe3 41.Qxe3 Qb6 
42.Kh2 Kg7 43.h5 h6 44.hxg6 fxg6 45.Kg2 Bc8 46.Rb1 Bb7 47.Rh1 g5 48.Rd1 
Qc7 49.Kg1 Rc3 50.Qa7 Bxe4 51.Qxc7+ Rxc7 52.f3 Rc2 53.Kf2 Bf5 54.Rxd6 h5 
55.b6 Rb2 56.Rd5 1/2-1/2

[Event "2nd GMA World Cup prel  #2"]
[Site "Moscow URS"]
[Date "1989.??.??"]
[Round "4"]
[White "Inkiov, Ventzislav"]
[Black "Lobron, Eric"]
[Result "0-1"]
[WhiteElo "2470"]
[BlackElo "2555"]
[EventDate "1989.05.??"]
[PlyCount "108"]

1.d4 Nf6 2.Nf3 e6 3.c4 c5 4.e3 d5 5.Nc3 a6 6.cxd5 exd5 7.Be2 Nc6 8.O-O Bd6
9.dxc5 Bxc5 10.b3 O-O 11.Bb2 Ba7 12.Rc1 Qd6 13.Nb1 Rd8 14.Nd4 Ne4 15.Nd2 
Bxd4 16.Bxd4 Nxd4 17.exd4 Bf5 18.Nb1 Rac8 19.f3 Ng5 20.Qd2 Ne6 21.Nc3 b5 
22.Rfd1 Rc6 23.Bf1 Rdc8 24.Ne2 Bc2 25.Re1 h6 26.g3 Qa3 27.Ra1 Bg6 28.Qe3 
Kh7 29.h4 Rc2 30.Bh3 Rxa2 31.Rxa2 Qxa2 32.f4 Bc2 33.f5 Nc7 34.Qe7 f6 35.
Qd7 Re8 36.Qxc7 Bd3 37.Bg4 Bxe2 38.Qf7 Re4 39.Qg6+ Kh8 40.Rc1 Bc4 41.Bf3 
Qxb3 42.Bxe4 Qe3+ 43.Kh2 Qxe4 44.Rg1 b4 45.Rg2 b3 46.g4 Bb5 47.Qf7 Qxd4 
48.g5 Qxh4+ 49.Kg1 Qe1+ 50.Kh2 Qe5+ 51.Rg3 fxg5 52.Qe6 Qf4 53.Qxd5 b2 54.
Qb3 Qf2+ 0-1

[Event "2nd GMA World Cup prel  #2"]
[Site "Moscow URS"]
[Date "1989.??.??"]
[Round "4"]
[White "Vyzhmanavin, Alexei"]
[Black "Petrosian, Arshak"]
[Result "1-0"]
[WhiteElo "2550"]
[BlackElo "2475"]
[EventDate "1989.05.??"]
[PlyCount "73"]

1.d4 Nf6 2.c4 e6 3.Nf3 Bb4+ 4.Bd2 Qe7 5.g3 Nc6 6.Nc3 Bxc3 7.Bxc3 Ne4 8.Rc1
O-O 9.Bg2 d6 10.O-O Nxc3 11.Rxc3 e5 12.d5 Nb8 13.Nd2 Nd7 14.b4 f5 15.c5 e4
16.f3 a5 17.cxd6 cxd6 18.b5 exf3 19.exf3 Qf6 20.Rc7 Nb6 21.f4 Bd7 22.Nf3 
Qd8 23.Rc1 Bxb5 24.Re1 Re8 25.Nd4 Rxe1+ 26.Qxe1 Bd7 27.Ne6 Qf6 28.Rb1 Na4 
29.Rxb7 Bxe6 30.Qxe6+ Qxe6 31.dxe6 Nc5 32.Re7 Rb8 33.Bd5 Ne4 34.Rb7 Rc8 
35.e7+ Kh8 36.Bxe4 fxe4 37.Rd7 1-0

[Event "2nd GMA World Cup prel  #2"]
[Site "Moscow URS"]
[Date "1989.??.??"]
[Round "4"]
[White "Stefansson, Hannes Hlifar"]
[Black "Popovic, Petar"]
[Result "1/2-1/2"]
[WhiteElo "2480"]
[BlackElo "2535"]
[EventDate "1989.05.??"]
[PlyCount "56"]

1.Nf3 Nf6 2.c4 g6 3.b3 Bg7 4.Bb2 d6 5.g3 e5 6.Bg2 O-O 7.O-O Re8 8.Qc2 Nc6 
9.d3 d5 10.a3 e4 11.Ng5 Nh5 12.Bxg7 Nxg7 13.cxd5 Nd4 14.Qb2 exd3 15.Qxd4 
dxe2 16.Re1 Qxg5 17.Nc3 Nf5 18.Qc4 Nd6 19.Qd4 Bf5 20.Nxe2 Qe7 21.Rac1 Nb5 
22.Qb2 Qxa3 23.Qxa3 Nxa3 24.Nd4 Rxe1+ 25.Rxe1 Nc2 26.Nxc2 Bxc2 27.Rc1 Bxb3
28.Rxc7 Rd8 1/2-1/2

[Event "2nd GMA World Cup prel  #2"]
[Site "Moscow URS"]
[Date "1989.??.??"]
[Round "4"]
[White "Csom, Istvan"]
[Black "Kuzmin, Alexei"]
[Result "1/2-1/2"]
[WhiteElo "2545"]
[BlackElo "2465"]
[EventDate "1989.05.??"]
[PlyCount "92"]

1.Nf3 Nf6 2.c4 g6 3.d4 Bg7 4.g3 O-O 5.Bg2 d6 6.Nc3 Nc6 7.O-O a6 8.Qd3 e5 
9.dxe5 dxe5 10.Qxd8 Rxd8 11.Bg5 Be6 12.Nd2 h6 13.Bxf6 Bxf6 14.Nde4 Be7 15.
Nd5 Bxd5 16.cxd5 Nb4 17.Nc3 c6 18.dxc6 Nxc6 19.Rfd1 Rxd1+ 20.Rxd1 Rd8 21.
Nd5 Kf8 22.Rc1 Rd6 23.Nb6 Na5 24.Rc8+ Bd8 25.Nd5 Nc6 26.Nc3 Ke8 27.Bxc6+ 
Rxc6 28.Rxc6 bxc6 29.Na4 Be7 30.e4 Kd7 31.Kf1 Kd6 32.Ke2 Bd8 33.Kd3 Ba5 
34.a3 Be1 35.Ke2 Ba5 36.b4 Bd8 37.Nc5 Kc7 38.Nxa6+ Kb6 39.Nc5 Kb5 40.Kd3 
Bb6 41.Kc3 Bxc5 42.bxc5 Ka4 43.Kb2 g5 44.g4 Kb5 45.Kb3 f6 46.f3 Ka5 
1/2-1/2

[Event "2nd GMA World Cup prel  #2"]
[Site "Moscow URS"]
[Date "1989.??.??"]
[Round "4"]
[White "Dautov, Rustem"]
[Black "Mikhalchishin, Adrian"]
[Result "1/2-1/2"]
[WhiteElo "2535"]
[BlackElo "2475"]
[EventDate "1989.05.??"]
[PlyCount "51"]

1.Nf3 Nf6 2.c4 c5 3.d4 cxd4 4.Nxd4 e6 5.Nc3 d5 6.e3 Bc5 7.cxd5 exd5 8.Bb5+
Bd7 9.Bxd7+ Qxd7 10.O-O O-O 11.Nce2 Nc6 12.b3 Ne4 13.Bb2 Rac8 14.Rc1 Bb6 
15.Nf3 Rfd8 16.Qd3 Nb4 17.Qb1 Rxc1 18.Rxc1 Rc8 19.Ba3 Rxc1+ 20.Nxc1 Qb5 
21.Qb2 h6 22.Bxb4 Qxb4 23.Kf1 Qc3 24.Qxc3 Nxc3 25.a3 d4 26.Nxd4 1/2-1/2

[Event "2nd GMA World Cup prel  #2"]
[Site "Moscow URS"]
[Date "1989.??.??"]
[Round "4"]
[White "Karpman, Vadim"]
[Black "Petursson, Margeir"]
[Result "1/2-1/2"]
[WhiteElo "2480"]
[BlackElo "2530"]
[EventDate "1989.05.??"]
[PlyCount "21"]

1.d4 Nf6 2.c4 e6 3.Nc3 Bb4 4.Qc2 d5 5.cxd5 exd5 6.Bg5 h6 7.Bxf6 Qxf6 8.a3 
Bxc3+ 9.Qxc3 O-O 10.e3 c6 11.Nf3 1/2-1/2

[Event "2nd GMA World Cup prel  #2"]
[Site "Moscow URS"]
[Date "1989.??.??"]
[Round "4"]
[White "Khalifman, Alexander"]
[Black "Popchev, Milko"]
[Result "1/2-1/2"]
[WhiteElo "2545"]
[BlackElo "2465"]
[EventDate "1989.05.??"]
[PlyCount "89"]

1.e4 d6 2.d4 Nf6 3.Nc3 g6 4.Nf3 Bg4 5.Be2 Bg7 6.O-O O-O 7.h3 Bxf3 8.Bxf3 
e5 9.dxe5 dxe5 10.Bg5 c6 11.Qe2 Qe7 12.Rfd1 Na6 13.Be3 Nd7 14.a4 Ndc5 15.
Qc4 Ne6 16.Ne2 Qb4 17.Qa2 Nd4 18.Nxd4 exd4 19.Bd2 Qe7 20.Qc4 Rfe8 21.Re1 
Rad8 22.Ra3 Qe5 23.b4 Bf8 24.Rb3 Nc7 25.Bg4 h5 26.f4 Qe7 27.Bf3 Bh6 28.g3 
h4 29.g4 g5 30.f5 Bg7 31.b5 Be5 32.bxc6 b6 33.Bg2 Kg7 34.Bb4 Qf6 35.Rd3 a6
36.a5 b5 37.Qc5 Rd6 38.Bd2 Rxc6 39.Qa3 Rc8 40.Qc1 Kh6 41.Re2 Ne8 42.Be1 
Kh7 43.Qd1 Nd6 44.Bf2 Nc4 45.Bxd4 1/2-1/2

[Event "2nd GMA World Cup prel  #2"]
[Site "Moscow URS"]
[Date "1989.??.??"]
[Round "4"]
[White "Gutman, Lev"]
[Black "Bagirov, Vladimir"]
[Result "1-0"]
[WhiteElo "2535"]
[BlackElo "2460"]
[EventDate "1989.05.??"]
[PlyCount "71"]

1.Nf3 d5 2.g3 Bg4 3.Bg2 c6 4.Ne5 Bf5 5.d4 Nd7 6.c4 e6 7.Qb3 Qb6 8.Nxd7 
Qxb3 9.axb3 Kxd7 10.Nc3 Nf6 11.c5 Be7 12.b4 b5 13.f3 Kc8 14.g4 Bg6 15.g5 
Nh5 16.e4 Kb7 17.O-O h6 18.exd5 exd5 19.f4 hxg5 20.Nxd5 cxd5 21.Bxd5+ Kc7 
22.fxg5 a6 23.Bxa8 Rxa8 24.d5 Kd7 25.Be3 f6 26.Rae1 Re8 27.Bd4 Bd3 28.c6+ 
Kc7 29.Rf3 Bc5 30.Rxe8 Bxd4+ 31.Kg2 Be5 32.Re7+ Kc8 33.Rxd3 Nf4+ 34.Kf3 
Nxd3 35.g6 Nf4 36.Rxg7 1-0

[Event "2nd GMA World Cup prel  #2"]
[Site "Moscow URS"]
[Date "1989.??.??"]
[Round "4"]
[White "Tseshkovsky, Vitaly"]
[Black "Anastasian, Ashot"]
[Result "0-1"]
[WhiteElo "2520"]
[BlackElo "2475"]
[EventDate "1989.05.??"]
[PlyCount "64"]

1.e4 e6 2.d4 d5 3.Nd2 dxe4 4.Nxe4 Bd7 5.Nf3 Bc6 6.Bd3 Nd7 7.O-O Be7 8.Re1 
Ngf6 9.Ng3 O-O 10.Qe2 Bxf3 11.Qxf3 c5 12.dxc5 Nxc5 13.Be2 a5 14.c3 Qb6 15.
Rb1 Rfd8 16.Bc4 Qc7 17.b3 Rab8 18.a4 Rbc8 19.Bg5 Nfe4 20.Rxe4 Bxg5 21.Rg4 
Bh6 22.Nh5 Qe5 23.Kf1 g6 24.Ng3 Bg7 25.Rd4 Rxd4 26.cxd4 Qxd4 27.Rd1 Qe5 
28.h3 h5 29.Kg1 b6 30.Bb5 Qc3 31.Qxc3 Bxc3 32.Ne2 Be5 0-1

[Event "2nd GMA World Cup prel  #2"]
[Site "Moscow URS"]
[Date "1989.??.??"]
[Round "4"]
[White "Balashov, Yury"]
[Black "Timoschenko, Gennady"]
[Result "1/2-1/2"]
[WhiteElo "2530"]
[BlackElo "2460"]
[EventDate "1989.05.??"]
[PlyCount "41"]

1.e4 c5 2.Nc3 d6 3.Nge2 Nf6 4.g3 Nc6 5.Bg2 g6 6.O-O Bg7 7.d3 O-O 8.h3 Rb8 
9.f4 Ne8 10.f5 e6 11.fxe6 Bxe6 12.Nf4 Bd7 13.Ncd5 Nc7 14.Nxc7 Qxc7 15.c3 
b5 16.a3 a5 17.Be3 b4 18.axb4 axb4 19.Qd2 bxc3 20.bxc3 Ne7 21.Rfb1 1/2-1/2

[Event "2nd GMA World Cup prel  #2"]
[Site "Moscow URS"]
[Date "1989.??.??"]
[Round "4"]
[White "Fauland, Alexander"]
[Black "Kaidanov, Gregory"]
[Result "1/2-1/2"]
[WhiteElo "2450"]
[BlackElo "2535"]
[EventDate "1989.05.??"]
[PlyCount "81"]

1.d4 d5 2.c4 e6 3.Nf3 Nf6 4.g3 dxc4 5.Bg2 Bb4+ 6.Bd2 a5 7.O-O O-O 8.Qc2 
Bxd2 9.Nbxd2 b5 10.a4 c6 11.b3 cxb3 12.Nxb3 Nd5 13.e4 Nb4 14.Qc3 Ba6 15.
axb5 Bxb5 16.Rfd1 Nd7 17.Nxa5 Be2 18.Re1 Rxa5 19.Rxe2 Rxa1+ 20.Qxa1 c5 21.
Qa4 Qc7 22.Rb2 e5 23.d5 Nb6 24.Qb5 Rb8 25.Qe2 Na4 26.Rb3 c4 27.Ra3 c3 28.
Ne1 c2 29.Nxc2 Nc3 30.Qe1 Ncxd5 31.exd5 Nxc2 32.Qc1 Qc4 33.Ra7 g6 34.Bf1 
Qd4 35.Ra2 Nb4 36.Rd2 Qb6 37.Qc4 Qd6 38.Rb2 Kg7 39.h4 Na6 40.Rc2 Nb4 41.
Rb2 1/2-1/2

[Event "2nd GMA World Cup prel  #2"]
[Site "Moscow URS"]
[Date "1989.??.??"]
[Round "4"]
[White "Tseitlin, Mikhail"]
[Black "Adorjan, Andras"]
[Result "1/2-1/2"]
[WhiteElo "2460"]
[BlackElo "2525"]
[EventDate "1989.05.??"]
[PlyCount "27"]

1.d4 Nf6 2.Nf3 e6 3.Bg5 c5 4.e3 Be7 5.Nbd2 b6 6.c3 Bb7 7.Bd3 Nc6 8.O-O O-O
9.Qb1 h6 10.Bxf6 Bxf6 11.b4 cxb4 12.cxb4 Rc8 13.Rc1 Ne7 14.Qb2 1/2-1/2

[Event "2nd GMA World Cup prel  #2"]
[Site "Moscow URS"]
[Date "1989.??.??"]
[Round "4"]
[White "Yudasin, Leonid"]
[Black "Padevsky, Nikola"]
[Result "1-0"]
[WhiteElo "2540"]
[BlackElo "2435"]
[EventDate "1989.05.??"]
[PlyCount "45"]

1.e4 e6 2.d4 d5 3.Nc3 Nf6 4.e5 Nfd7 5.f4 c5 6.Nf3 Nc6 7.Be3 a6 8.Qd2 b5 9.
dxc5 Bxc5 10.Bxc5 Nxc5 11.O-O-O Bb7 12.Kb1 b4 13.Ne2 Ne4 14.Qe3 O-O 15.Ng3
Qa5 16.Nxe4 dxe4 17.Ng5 Ne7 18.Bc4 Nd5 19.Qh3 h6 20.Nxe6 Nc3+ 21.bxc3 bxc3
22.Qg4 fxe6 23.Rd7 1-0

[Event "2nd GMA World Cup prel  #2"]
[Site "Moscow URS"]
[Date "1989.??.??"]
[Round "4"]
[White "Lerner, Konstantin"]
[Black "Tunik, Gennady"]
[Result "1/2-1/2"]
[WhiteElo "2535"]
[BlackElo "2435"]
[EventDate "1989.05.??"]
[PlyCount "108"]

1.c4 Nf6 2.Nc3 e5 3.Nf3 Nc6 4.g3 d5 5.cxd5 Nxd5 6.Bg2 Nb6 7.O-O Be7 8.d3 
O-O 9.Be3 Be6 10.Na4 Nd5 11.Bc5 Bd6 12.Rc1 h6 13.a3 Qd7 14.d4 exd4 15.Nxd4
Nce7 16.Nxe6 Qxe6 17.Qb3 Rad8 18.Qxb7 Rb8 19.Qa6 Bxc5 20.Nxc5 Qxa6 21.Nxa6
Rxb2 22.e4 Nf6 23.Rxc7 Ng6 24.Nb4 a5 25.Nc6 a4 26.Ra7 Rc8 27.e5 Ng4 28.e6 
fxe6 29.Rxa4 N4e5 30.Nxe5 Nxe5 31.Re4 Rc5 32.Rd1 Kf7 33.h4 g5 34.hxg5 hxg5
35.Rde1 Nd3 36.R4e2 Rxe2 37.Rxe2 Rc1+ 38.Kh2 Ra1 39.Re3 Nc5 40.Bc6 Ke7 41.
Kh3 Ra2 42.f3 Rd2 43.Bb5 Rd4 44.Re5 g4+ 45.fxg4 Ne4 46.Bc6 Nf2+ 47.Kg2 
Nxg4 48.Re2 Rd3 49.a4 Ra3 50.Rd2 Ne3+ 51.Kf2 Ng4+ 52.Kg2 Ne3+ 53.Kg1 Ng4 
54.Kg2 Ne3+ 1/2-1/2